• 首页
  • 本馆介绍
  • 公告通知
  • 最新文献
  • 馆藏检索
  • 电子资源
  • 读者导购
  • 参考咨询
  • 我的图书馆
  • 登录
  • 详细信息显示
  • 放入我的书架
  • 预约/预借图书
  • 作者相关作品
  • 分类相关作品
  • 丛书相关作品
  • 出版社相关作品

书目信息

  • 表格格式
  • 工作单格式
  • 卡片格式
题名:
伊索寓言
    
 
作者: 伊索 著 ;杨建峰 主编
分册:  
出版信息: 南昌   百花洲文艺出版社  2018
页数: 190页
开本: 21cm
丛书名:
单 册:
中图分类: I17(198.4)
科图分类:
主题词: 寓言--作品集--古希腊
电子资源:
ISBN: 978-7-5500-2596-7
000 00802nam0 2200265 450
001 012001006493
005 20131016164350.0
010    @a978-7-5500-2596-7@b精装@dCNY28.00
100    @a20180903d2018 em y0chiy50 ea
101 0  @achi
102    @aCN@b360000
105    @ay z 000fy
106    @ar
200 1  @a伊索寓言@9yi suo yu yan@b专著@f(古希腊)伊索著@g杨建峰主编
210    @a南昌@c百花洲文艺出版社@d2018
215    @a190页@d21cm
300    @a教育部统编语文教材指定阅读书目
312    @a封面英文题名:Aesop's fables
510 1  @aAesop's fables@zeng
606 0  @a寓言@x作品集@x古希腊
690    @aI17(198.4)@v5
701  0 @c(古希腊)@a伊索@9yi suo@c(Aesop)@4著
702  0 @a杨建峰@9yang jian feng@4主编
801  2 @aCN@b上海新华@c20191020
905    @b1099731-5@dI17(198.4)@e512@f5
    
    伊索寓言/(古希腊)伊索著/杨建峰主编.-南昌:百花洲文艺出版社,2018
    190页;21cm
    教育部统编语文教材指定阅读书目
    
    ISBN 978-7-5500-2596-7(精装):CNY28.00
    
●
相关链接 在E读中查询图书 在五车中查询图书 在当当中查询图书 在豆瓣中查询图书


正题名:伊索寓言     索取号:I17(198.4)/512         预约/预借

序号 登录号 条形码 馆藏地/架位号 状态 备注
1 1099731   210997313   第一样本阅览室/ [索取号:I17(198.4)/512] 在馆    
2 1099732   210997322   第二借阅区/ [索取号:I17(198.4)/512] 在馆    
3 1099733   210997331   第二借阅区/ [索取号:I17(198.4)/512] 在馆    
4 1099734   210997340   第二借阅区/ [索取号:I17(198.4)/512] 在馆    
5 1099735   210997359   第二借阅区/ [索取号:I17(198.4)/512] 在馆    
唐山师范学院图书馆 欢迎您!
大连网信软件有限公司© 版权所有